00573cam a2200193 i 45000010009000000050017000090080041000260100017000670200031000840200028001150400028001430410008001710420008001790800012001870820016001991000007002151010007002222450150002291768627820180111094213.0130405s2014 nyua 001 0 eng  a 2013013128 a9780078025549 (alk. paper) a0078025540 (alk. paper) aDLCbengcDLCerdadDLC aeng apcc a657 SPI00a657 SPI2231 a61 aKF10aFinancial accounting /cJ. David Spiceland, University of Memphis, Wayne Thomas, University of Oklahoma, Don Herrmann, Oklahoma State University.